Vida cotidiana en las villas mineras del Norte Chico : siglo XIX /

El efecto acumulativo de las visiones sobre el mundo minero del Norte Chico, provincia de Atacama y Coquimbo, en el siglo diecinueve, a raíz de diversos estudios, han llevado acuñar ciertas expresiones que describen rasgos característicos de estos grupos laborales. Las investigaciones han privilegia...

Full description

Bibliographic Details
Main Author: Páez Constenla, Roberto 1951-2009
Format: Analitica de revista
Language:Spanish
Published: La Ligua, Chile Museo de la Ligua 1997
Subjects:

MARC

LEADER 00000cab a2200000 a 4500
001 049234
003 UAHC_CL
005 20170803125422.0
008 031122s1997 cl 000 spa
040 |a UAHC_CL  |c UAHC_CL  |d UAHC_CL 
100 1 |a Páez Constenla, Roberto  |d 1951-2009 
245 1 0 |a Vida cotidiana en las villas mineras del Norte Chico :  |b siglo XIX /  |c Roberto Páez Constela. 
260 |b Museo de la Ligua  |c 1997  |a La Ligua, Chile 
300 |a pp. 67-78 
500 |a En: Valles. Revista de Estudios Regionales, N¼ 3, 1997. p. 67-78. 0717179X. 
500 |a En: Valles. Revista de Estudios Regionales, Nº 3, 1997. p. 67-78. 0717179X. 
520 |a El efecto acumulativo de las visiones sobre el mundo minero del Norte Chico, provincia de Atacama y Coquimbo, en el siglo diecinueve, a raíz de diversos estudios, han llevado acuñar ciertas expresiones que describen rasgos característicos de estos grupos laborales. Las investigaciones han privilegiado el análisis del yacimiento argentífero de Chañarcillo en la provincia de Atacama y otros minerales de cobre en la misma unidad administrtiva. 
520 |a El efecto acumulativo de las visiones sobre el mundo minero del Norte Chico, provincia de Atacama y Coquimbo, en el siglo diecinueve, a raíz de diversos estudios, han llevado acuñar ciertas expresiones que describen rasgos característicos de estos grupos laborales. Las investigaciones han privilegiado el análisis del yacimiento argentífero de Chañarcillo en la provincia de Atacama y otros minerales de cobre en la misma unidad administrtiva. 
650 4 |a MINEROS  |z CHILE  |y NORTE CHICO 
650 4 |a VIDA COTIDIANA  |x ASPECTOS SOCIALES  |z CHILE 
651 4 |a NORTE CHICO (CHILE) 
653 |a PEDAGOGIA EN HISTORIA Y CIENCIAS SOCIALES 
653 |a LICENCIATURA EN HISTORIA 
759 |a PP183 
773 0 |t Visiones de la educación  |w 049301 
900 |a VALLES-03/97 
942 |c REVA 
952 |0 0  |1 0  |4 0  |6 VALLES_03_97_000000000000000  |7 0  |8 General  |9 88099  |a BC  |b BC  |c General  |d 2017-08-03  |l 0  |o VALLES-03/97  |p FICTICIO15916  |r 2019-01-08 00:00:00  |t 1  |w 2017-08-03  |y REVA 
999 |c 49234  |d 49234